000 01010nam0a22002531 4500
001 rc\4366713
005 20250611162627.0
021 _aRU
_b[Рг4247-62]
035 _a(NLR Aleph) 008284726
090 _a8538806
_c8538806
100 _a20130416d1962 |||y0rusy50 ca
101 0 _arus
102 _aRU
105 _aa z |||||
200 1 _aСборник задач по физике
_eВ помощь поступающим в Московский инженерно-физический институт
_fСост. Н.И. Гольдфарб, Н.Н. Вердеревская
_gМ-во высш. и сред. спец. образования РСФСР. Моск. инж.-физ. ин-т
210 _aМосква
_cБ. и.
_d1962
215 _a58 с.
_cчерт.
_d21
700 1 _aГольдфарб
_bН.И.
_gНаум Ильич
_4220
701 1 _aВердеревская
_bН.Н.
_4220
801 0 _aRU
_bNLR
_gpsbo
801 1 _aRU
_bELAR
_2rusmarc
852 _aNLR
_j62-6/6218
942 _cBOOK
980 _aNB